Melanie Martinez - Nurse's Office - Statistics

General Stats
  • This quiz has been taken 46 times
  • The average score is 149 of 198
Answer Stats
Answer % Correct
i
96%
a
92%
me
92%
of
92%
take
92%
the
92%
it
88%
they
88%
this
88%
nurses
85%
pink
85%
so
85%
all
81%
give
81%
go
81%
heal
81%
home
81%
im
81%
is
81%
my
81%
office
81%
permission
81%
that
81%
band-aids
77%
bleeding
77%
coughing
77%
cut
77%
dont
77%
fakin
77%
just
77%
tired
77%
wont
77%
cause
73%
in
73%
let
73%
no
73%
slip
73%
was
73%
and
69%
bitch
69%
can
69%
hate
69%
into
69%
there
69%
wishing
69%
you
69%
hair
65%
where
65%
as
62%
behind
62%
ditching
62%
right
62%
sit
62%
teacher
62%
yea
62%
cutting
58%
down
58%
up
58%
leaf
54%
old
54%
your
54%
from
50%
grow
50%
loose
50%
out
50%
paper
50%
seizure
50%
ass
46%
at
46%
away
46%
faked
46%
float
46%
lungs
46%
punch
46%
snow
46%
left
42%
pale
38%
then
38%
hollowing
31%
stare
31%
chalkboard
27%
No matching quizzes found
Score Distribution
Percent of People with Each Score
Percentile by Number Answered
Your Score History
You have not taken this quiz